000 00820nam a22002297a 4500
999 _c15808
_d15808
003 MIRAKIL
005 20240327163459.0
008 240327b tu ||||| |||| 00| 0 tur d
020 _a9789751744012
040 _aTR-AnCHP
_cTR-AnCHP
041 _atur
082 _a419.993
_bY44i 2019
100 _aYıldırım, Zeynep
245 1 0 _aİran sahası Göklen ve Nohur Türkmen ağızları /
_cZeynep Yıldırım
260 _aAnkara :
_bTürk Dil Kurumu (TDK),
_c2019.
300 _a1446 sayfa :
_btablo ;
_c24 cm.
490 0 _aAtatürk Kültür, Dil ve Tarih Yüksek Kurumu Türk Dil Kurumu yayınları ;
_v1314.
504 _aKaynakça: sayfa [1411]-1433.
650 0 _97753
_aAğızlar
_xTürkmen
856 _zDijital Nüshası için Partimizin Kütüphane Sorumlusu ile iletişime geçiniz.
942 _2ddc
_cBKS